000
00286nam a2200109 a 4500
008
101213s1987|||| d
245
1
0
_a
Bratislavské hudobné telesá a spolky 1945-1985
260
_b
UK v Bratislave
_a
Bratislava
_c
1987
020
_c
15
044
_a
xo
_c
SK
041
_a
slo
999
_c
15175
_d
15175